000 00681nam a2200229Ia 4500
003 OSt
005 20221007081933.0
006 a|||||r|||| 00| 0
007 ta
008 221006b |||||||| |||| 00| 0 eng d
024 _a26,852
037 _cTextual
040 _aFLL
_cFLL
_beng
041 _2eng
_aeng
082 _aX:54:Z73y7, H8-1
100 _aOppenheim S. Chesterfield
_9126612
245 0 _aRecent Supreme Court cases on federal anti-trust laws
260 _aSt. Paul ,
_bMinn. West Publishing Co. St. Minn.
_c1948
300 _aiii,1-186p
_ccm.
942 _hX:54:Z73y7, H8-1
_cTEXL
_2CC
999 _c1164776
_d1164776